Teaching and learning languages : (رقم التسجيلة. 31741)
[ عرض عادي ]
| 000 -الفاتح | |
|---|---|
| حقل البيانات ثابتة الطول | 01050cam a22003138a 4500 |
| 001 - رقم الضبط | |
| رقم الضبط | 17343385 |
| 003 - محدد رقم الضبط | |
| رقم الضبط | OSt |
| 005 - وقت وتاريخ اخر تعامل مع التسجيلة | |
| رقم الضبط | 20150408114148.0 |
| 008 - عناصر البيانات ثابتة الطول - معلومات عامة | |
| حقل البيانات ثابتة الطول | 120612s2012 enk 000 0 eng |
| 010 ## - رقم ضبط مكتبة الكونجرس | |
| رقم ضبط مكتبة الكونجرس | 2012022398 |
| 020 ## - الرقم الدولى المعيارى للكتب | |
| الرقم الدولى المعيارى للكتاب | 9780415638395 |
| 020 ## - الرقم الدولى المعيارى للكتب | |
| الرقم الدولى المعيارى للكتاب | 9780415638401 (pbk.) |
| 020 ## - الرقم الدولى المعيارى للكتب | |
| الرقم الدولى المعيارى للكتاب | 9780203082423 (ebook) |
| 040 ## - مصدر الفهرسة | |
| وكالة الفهرسة الأصلية | DLC |
| وكالة النسخ | DLC |
| 042 ## - رمز التحقق | |
| رمز التحقق | pcc |
| 050 00 - رقم طلب مكتبة الكونجرس | |
| رقم التصنيف | P53.42 |
| رقم المادة | .B74 2012 |
| 082 00 - رقم تصنيف ديوى العشرى | |
| رقم التصنيف | 418.0071 |
| رقم الطبعة | 23 |
| رقم المادة | BJT |
| 100 1# - المدخل الرئيسى - إسم شخصى | |
| الإسم الشخصى | Buck, Jemma. |
| 9 (RLIN) | 39035 |
| 245 10 - بيان العنوان | |
| العنوان | Teaching and learning languages : |
| بقية العنوان | a practical guide to learning by doing / |
| بيان المسئوليه,etc | Jemma Buck and Christopher Wightwick. |
| 260 ## - PUBLICATION, DISTRIBUTION, ETC. (IMPRINT) | |
| مكان الناشر او الموزع | Milton Park, Abingdon, Oxon ; |
| -- | New York : |
| اسم الناشر او الموزع | Routledge, |
| تاريخ النشر أو التوزيع | 2012. |
| 263 ## - تاريخ النشر المتوقع | |
| تاريخ النشر المتوقع | 1111 |
| 300 ## - الوصف المادى | |
| التعداد | p. cm. |
| 650 #0 - المدخل الاضافى بالموضوع-مصطلح موضوعى | |
| مصطلح موضوعي أو اسم جغرافي كعنصر مدخل | Language and languages |
| التقسيم الفرعي العام | Study and teaching. |
| 650 #0 - المدخل الاضافى بالموضوع-مصطلح موضوعى | |
| مصطلح موضوعي أو اسم جغرافي كعنصر مدخل | Group work in education. |
| 9 (RLIN) | 38841 |
| 700 1# - المدخل الاضافى - اسم شخصى | |
| الإسم الشخصى | Wightwick, Christopher. |
| 9 (RLIN) | 39036 |
| 906 ## - عنصر بيانات محلى F, LDF (RLIN) | |
| a | 0 |
| b | vip |
| c | orignew |
| d | 1 |
| e | ecip |
| f | 20 |
| g | y-gencatlg |
| 942 ## - عناصر المدخل الإضافي( كوها) | |
| مصدر التصنيف او مخطط الترفيف | Dewey Decimal Classification |
| Koha [default] item type | كتاب |
| حالة الفقد | نموذج السعر الفعال | حالة تلف | ليس للاعارة | رقم الطلب | تاريخ الاكتساب | الموقع الحالي | الباركود | الفرع الرئيسي | Date last seen | نوع المادة فى نظام كوها | مصدر التصنيف او خطة الترفيف | Total Checkouts |
|---|---|---|---|---|---|---|---|---|---|---|---|---|
| 2013-11-02 | 418.0071 BJT | 2013-11-02 | المكتبة المركزية بالمجمعة (CL) | 00403894 | المكتبة المركزية بالمجمعة (CL) | 2013-11-02 | كتاب | Dewey Decimal Classification | ||||
| 2013-11-02 | 418.0071 BJT | 2013-11-02 | المكتبة المركزية بالمجمعة (CL) | 00403895 | المكتبة المركزية بالمجمعة (CL) | 2013-11-02 | كتاب | Dewey Decimal Classification | ||||
| 2013-11-02 | 418.0071 BJT | 2013-11-02 | المكتبة المركزية بالمجمعة (CL) | 00403896 | المكتبة المركزية بالمجمعة (CL) | 2013-11-02 | كتاب | Dewey Decimal Classification | ||||
| 2013-11-02 | 418.0071 BJT | 2013-11-02 | قسم الاجراءات الفنية (IC) | 00403897 | قسم الاجراءات الفنية (IC) | 2013-11-02 | كتاب | Dewey Decimal Classification | ||||
| 2013-11-02 | 418.0071 BJT | 2013-11-02 | قسم الاجراءات الفنية (IC) | 00403898 | قسم الاجراءات الفنية (IC) | 2013-11-02 | كتاب | Dewey Decimal Classification |
